The Word Sifter Quiz Stats

 Plays Quiz Updated Mar 9, 2020

Support Sporcle.
Go Orange.
Score 0/45 Timer 12:00
0 Plays Today
Words % Correct
Merry Christmas
96.5%
Black Friday
89.1%
American Revolution
88.1%
Magna Carta
84.4%
Black Death
81.5%
Happy Easter
80.5%
Miss Piggy
78.6%
Public Library
74.5%
Royal Flush
73.5%
Hockey Puck
71.7%
Quantum Theory
70.9%
Monster Truck
70.4%
Anne Frank
70.3%
American Gigolo
69.3%
April Fools
68%
Half Life
65.7%
Kinetic Energy
63.8%
Guy Fawkes
62.3%
Oprah Winfrey
62.1%
Four Seasons
62%
Weird Science
60%
Almost Famous
56.5%
Couch Potato
55.4%
Words % Correct
Home Alone
55.3%
Leon Trotsky
54.7%
Denver Broncos
53.4%
Richard Strauss
48.2%
Major League
44.1%
Super Mario
44%
Jane Austen
39.5%
Dewey Decimal
39.2%
Special Relativity
37.8%
George Foreman
36.4%
Graphic Novel
34%
Atomic Number
33.1%
Perfect Fifth
31.4%
Fender Stratocaster
27.8%
Miami Vice
24.6%
Master Chief
24.5%
Elder Scrolls
24.4%
Perry Mason
24.3%
Blackburn Rovers
18.8%
Oriental Avenue
17.7%
Neil Gaiman
16.8%
Talking Heads
11.1%

You're not logged in!

Compare scores with friends on all Sporcle quizzes.
OR
Log In

From the Vault

Famous Brands: Who Was First?

by naqwerty3

Finally, the answers to all of our lingering questions!
Remove Ads.
Support Sporcle.
Get the best of Sporcle when you Go Orange. This ad-free experience offers more features, more stats, and more fun while also helping to support Sporcle. Thank you for becoming a member.

Show Comments

Extras

Top Quizzes Today


Score Distribution

Your Account Isn't Verified!

In order to create a playlist on Sporcle, you need to verify the email address you used during registration. Go to your Sporcle Settings to finish the process.

Report this User

Report this user for behavior that violates our Community Guidelines.

Details: